Privatization and Economic Performance
Salvato in:
| Altri autori: | , , |
|---|---|
| Natura: | Libro |
| Lingua: | inglese |
| Pubblicazione: |
Oxford
Oxford University Press
1996
|
| Edizione: | 1. repr. |
| Soggetti: | |
| Tags: |
Nessun Tag, puoi essere il primo ad aggiungerne!!
|
MARC
| LEADER | 00000nam a2200000 4500 | ||
|---|---|---|---|
| 001 | c016802 | ||
| 005 | 20221205125543.6 | ||
| 020 | |a 0-19-877344-7 | ||
| 041 | 0 | |a eng | |
| 044 | |a US | ||
| 245 | 1 | 0 | |a Privatization and Economic Performance |c Edit. Matthew Bishop, John Kay, Colin Mayer |
| 250 | |a 1. repr. | ||
| 264 | 1 | |a Oxford |b Oxford University Press |c 1996 | |
| 300 | |a 378 s. | ||
| 610 | 2 | 0 | |a privatizácia |
| 610 | 2 | 0 | |a účinnosť ekonomická |
| 610 | 2 | 0 | |a produktivita |
| 610 | 2 | 0 | |a reštrukturalizácia |
| 610 | 2 | 0 | |a Veľká Británia |
| 700 | 1 | |a Bishop, Matthew | |
| 700 | 1 | |a Kay, John | |
| 700 | 1 | |a Mayer, Colin | |